<?xml version="1.0" encoding="UTF-8"?>
<record
    xmlns:xsi="http://www.w3.org/2001/XMLSchema-instance"
    xsi:schemaLocation="http://www.loc.gov/MARC21/slim http://www.loc.gov/standards/marcxml/schema/MARC21slim.xsd"
    xmlns="http://www.loc.gov/MARC21/slim">

  <leader>03407nam a22001577a 4500</leader>
  <controlfield tag="005">20240808141307.0</controlfield>
  <controlfield tag="008">240808b           ||||| |||| 00| 0 eng d</controlfield>
  <datafield tag="020" ind1=" " ind2=" ">
    <subfield code="a">978998809115X</subfield>
  </datafield>
  <datafield tag="050" ind1=" " ind2=" ">
    <subfield code="a">Dp/PS3513.O457.G34</subfield>
  </datafield>
  <datafield tag="100" ind1=" " ind2=" ">
    <subfield code="9">Ghana Shippers' Association </subfield>
  </datafield>
  <datafield tag="245" ind1=" " ind2=" ">
    <subfield code="a">Admiral: a compendium/</subfield>
    <subfield code="c">Ghana Shippers Association</subfield>
  </datafield>
  <datafield tag="300" ind1=" " ind2=" ">
    <subfield code="a">xvi, 1049 p.: </subfield>
    <subfield code="c">24cm. </subfield>
  </datafield>
  <datafield tag="500" ind1=" " ind2=" ">
    <subfield code="a">Includes index</subfield>
  </datafield>
  <datafield tag="505" ind1=" " ind2=" ">
    <subfield code="a">Contents: Part 1: Admiralty jurisdiction: an introduction to maritime law and the jurisdiction -- Admiralty jurisdiction in Ghana -- Maritime liens, statutory right in rem and mortgage- a comparative analysis of Ghanaian and English law -- body of the God of the Ghana Shipping Act, Act 645 (2002) -- fundamentals of successful ship arrest and issues of release and security -- law of towage and pilotage -- the law relating to sale and purchase of ships -- Maritime safety and liability: penal and private law implications from common law in Chinese law perspectives -- understanding operations of maritime liens in Ghana by Godwin Djokoto -- Part 2: Carriage of goods by sea -- Contract of affreightment - an overview -- the international convention on contracts for the international carriage of goods wholly or partly by sea: a balance of interest -- contracts for the international sale of goods and documentary credits -- obligations of parties in carriage contract and international conventions uniformity or unilateralism -- understanding the concept of laytime and demurage in the carriage of goods by sea -- overview of charter parties in the carriage of goods by sea -- limitations of liability Hague rule/Hamburg rules -- liquor statue of the agent in international transactions -- marine cargo claims and application of The Hague rule -- assessment of damages in marine cargo claims: a judges guide -- Part 3: Marine insurance: the genesis problems consequences of maritime piracy potential solution for an emerging oil based economy -- the menace of maritime fraud -- summation of some key maritime security issues and the existing international legal framework -- Part 4: Maritime securities: marine insurance law and development -- understanding of contributions, subrogation and the doctrine of proxima causa in insurance policies -- understanding the concept of warranties in marine insurance -- protection and indemnity clas:s the law and practice -- Part 5: Multimodal transport: the international legal regime for transportation of goods by road -- understanding the guy regime relating to the carriage of goods by road within the supply chain framework -- the law on carriage of goods by air -- Part 6: Oil and Gas: exploitation of Ghana's oil and gas resources: some legal issues -- The legal and fiscal regime in the upstream oil and gas industry: a case study of the jubilee fields -- exploitation of oil and gas: expounding the local content policy for Ghana -- Part 7: Marine pollution and limitation of liability: essentials of regimes of limitation of liability in maritime law -- Part 8: Public international law: my time zones of coastal states: legislative and enforcement jurisdiction under UNCLOS -- criminalization and fair treatment of seafarers and the rule of the judiciary -- the international tribunal for the law of the sea its jurisdiction and work -- the doctrine of sovereign immunity in international law: the case of the ARD liberatad. </subfield>
  </datafield>
  <datafield tag="942" ind1=" " ind2=" ">
    <subfield code="2">lcc</subfield>
    <subfield code="c">BK</subfield>
  </datafield>
  <datafield tag="999" ind1=" " ind2=" ">
    <subfield code="c">10366</subfield>
    <subfield code="d">17866</subfield>
  </datafield>
  <datafield tag="952" ind1=" " ind2=" ">
    <subfield code="0">0</subfield>
    <subfield code="1">0</subfield>
    <subfield code="2">lcc</subfield>
    <subfield code="4">0</subfield>
    <subfield code="7">0</subfield>
    <subfield code="a">WIUC-1</subfield>
    <subfield code="b">WIUC-1</subfield>
    <subfield code="c">LL</subfield>
    <subfield code="d">2024-08-08</subfield>
    <subfield code="l">0</subfield>
    <subfield code="o">Dp/PS3513.O457.G34</subfield>
    <subfield code="p">3339/447/24</subfield>
    <subfield code="r">2024-08-08 00:00:00</subfield>
    <subfield code="t">1</subfield>
    <subfield code="w">2024-08-08</subfield>
    <subfield code="y">BK</subfield>
  </datafield>
  <datafield tag="952" ind1=" " ind2=" ">
    <subfield code="0">0</subfield>
    <subfield code="1">0</subfield>
    <subfield code="2">lcc</subfield>
    <subfield code="4">0</subfield>
    <subfield code="7">0</subfield>
    <subfield code="a">WIUC-1</subfield>
    <subfield code="b">WIUC-1</subfield>
    <subfield code="c">LL</subfield>
    <subfield code="d">2024-08-08</subfield>
    <subfield code="o">Dp/PS3513.O457.G341</subfield>
    <subfield code="p">3340/448/25</subfield>
    <subfield code="r">2024-08-08 00:00:00</subfield>
    <subfield code="t">2</subfield>
    <subfield code="w">2024-08-08</subfield>
    <subfield code="y">BK</subfield>
  </datafield>
  <datafield tag="952" ind1=" " ind2=" ">
    <subfield code="0">0</subfield>
    <subfield code="1">0</subfield>
    <subfield code="2">lcc</subfield>
    <subfield code="4">0</subfield>
    <subfield code="7">0</subfield>
    <subfield code="a">WIUC-1</subfield>
    <subfield code="b">WIUC-1</subfield>
    <subfield code="c">REF LAW SECTION</subfield>
    <subfield code="d">2024-08-08</subfield>
    <subfield code="o">REF</subfield>
    <subfield code="p">008/008/24</subfield>
    <subfield code="r">2024-08-08 00:00:00</subfield>
    <subfield code="t">3</subfield>
    <subfield code="w">2024-08-08</subfield>
    <subfield code="y">BK</subfield>
  </datafield>
  <datafield tag="952" ind1=" " ind2=" ">
    <subfield code="0">0</subfield>
    <subfield code="1">0</subfield>
    <subfield code="2">lcc</subfield>
    <subfield code="4">0</subfield>
    <subfield code="7">0</subfield>
    <subfield code="a">WIUC-1</subfield>
    <subfield code="b">WIUC-1</subfield>
    <subfield code="c">REF LAW SECTION</subfield>
    <subfield code="d">2024-08-08</subfield>
    <subfield code="o">REF</subfield>
    <subfield code="p">009/009/25</subfield>
    <subfield code="r">2024-08-08 00:00:00</subfield>
    <subfield code="t">4</subfield>
    <subfield code="w">2024-08-08</subfield>
    <subfield code="y">BK</subfield>
  </datafield>
</record>
